000 00887cab a2200289 4500
001 WB3040-74
008 090401t1994 xxu||||| |||| 00| 0 eng d
035 _a(Sirsi) u75995
041 _aeng
245 _aSatellite for farmers
260 _c1994
350 _a0
490 _aFinancial Times
_v25 October 1994, 13(2)
520 _aThe application of satellite technology to agriculture is being pioneered by US firm Massey Ferguson to collect data that will highlight differences in productivity between areas in the same field.
650 _aCROP YIELDS
650 _aFARMING
650 _aFERTILISERS
650 _aGPS
650 _aMASSEY FERGUSON
650 _aSATELLITES
650 _aTECHNOLOGY
650 _aYIELD MAPS
690 _aMANAGEMENT-BUSINESS MANAGEMENT-INFORMATION MANAGEMENT
690 _aRURAL PRACTICE
942 _n0
948 _c04/03/1997
999 _c47816
_d47816